<?xml version="1.0" encoding="UTF-8"?>
<collection xmlns="http://www.loc.gov/MARC21/slim">
 <record>
  <leader>01668nam a2200289 a 4500</leader>
  <controlfield tag="001">1/53095</controlfield>
  <controlfield tag="008">210807s2007    gr            000 | gre d</controlfield>
  <datafield tag="020" ind1=" " ind2=" ">
   <subfield code="a">9789608437913 </subfield>
   <subfield code="q">(τ. 1)</subfield>
  </datafield>
  <datafield tag="020" ind1=" " ind2=" ">
   <subfield code="a">9789608437920  </subfield>
   <subfield code="q">(τ. 2) </subfield>
  </datafield>
  <datafield tag="040" ind1=" " ind2=" ">
   <subfield code="a">GR-PeUP</subfield>
  </datafield>
  <datafield tag="082" ind1="0" ind2="0">
   <subfield code="a">884.3 ΞΕΝ</subfield>
  </datafield>
  <datafield tag="100" ind1="1" ind2=" ">
   <subfield code="a">Ξενοφών,</subfield>
   <subfield code="d">π. 430-355 π. Χ.</subfield>
  </datafield>
  <datafield tag="245" ind1="0" ind2="2">
   <subfield code="a">Ο Ξενοφώντειος Σωκράτης / </subfield>
   <subfield code="c">Ξενοφών ; πρόλογος Κωνσταντίνος Ζήτρος ; εισαγωγικά, μετάφραση, σχόλια, αναλύσεις Θεόδωρος Γ. Μαυρόπουλος.</subfield>
  </datafield>
  <datafield tag="260" ind1=" " ind2=" ">
   <subfield code="a">Θεσσαλονίκη : </subfield>
   <subfield code="b">Ζήτρος,</subfield>
   <subfield code="c">2007.</subfield>
  </datafield>
  <datafield tag="300" ind1=" " ind2=" ">
   <subfield code="a">2τ. ; </subfield>
   <subfield code="c">20 εκ.</subfield>
  </datafield>
  <datafield tag="490" ind1="1" ind2=" ">
   <subfield code="a">Αρχαίοι συγγραφείς (Ζήτρος) ;</subfield>
  </datafield>
  <datafield tag="505" ind1="0" ind2=" ">
   <subfield code="a">T.1. Ξενοφώντος Απομνημονεύματα -- Τ.2. Ξενοφώντος Απολογία Σωκράτους - Συμπόσιον - Οικονομικός.</subfield>
  </datafield>
  <datafield tag="600" ind1="1" ind2="4">
   <subfield code="a">Ξενοφών,</subfield>
   <subfield code="d">π. 430-355 π. Χ.</subfield>
  </datafield>
  <datafield tag="700" ind1="1" ind2=" ">
   <subfield code="a">Μαυρόπουλος, Θεόδωρος Γ.</subfield>
  </datafield>
  <datafield tag="700" ind1="1" ind2=" ">
   <subfield code="a">Ζήτρος, Κωνσταντίνος.</subfield>
  </datafield>
  <datafield tag="830" ind1="0" ind2="0">
   <subfield code="a">Αρχαίοι συγγραφείς (Ζήτρος)</subfield>
   <subfield code="v">100</subfield>
  </datafield>
  <datafield tag="852" ind1=" " ind2=" ">
   <subfield code="a">INST</subfield>
   <subfield code="b">UNIPILB</subfield>
   <subfield code="c">MAIN</subfield>
   <subfield code="e">20210807</subfield>
   <subfield code="h">884.3 ΞΕΝ</subfield>
   <subfield code="p">00184292</subfield>
   <subfield code="q">00184292</subfield>
   <subfield code="t">LOAN</subfield>
   <subfield code="v">τομ.2:</subfield>
   <subfield code="y">0</subfield>
   <subfield code="4">1</subfield>
  </datafield>
  <datafield tag="852" ind1=" " ind2=" ">
   <subfield code="a">INST</subfield>
   <subfield code="b">UNIPILB</subfield>
   <subfield code="c">MAIN</subfield>
   <subfield code="e">20210807</subfield>
   <subfield code="h">884.3 ΞΕΝ</subfield>
   <subfield code="p">00184293</subfield>
   <subfield code="q">00184293</subfield>
   <subfield code="t">LOAN</subfield>
   <subfield code="v">τομ.2:</subfield>
   <subfield code="y">0</subfield>
   <subfield code="4">2</subfield>
  </datafield>
  <datafield tag="852" ind1=" " ind2=" ">
   <subfield code="a">INST</subfield>
   <subfield code="b">UNIPILB</subfield>
   <subfield code="c">MAIN</subfield>
   <subfield code="e">20210807</subfield>
   <subfield code="h">884.3 ΞΕΝ</subfield>
   <subfield code="p">00184294</subfield>
   <subfield code="q">00184294</subfield>
   <subfield code="t">LOAN</subfield>
   <subfield code="v">τομ.2:</subfield>
   <subfield code="y">0</subfield>
   <subfield code="4">3</subfield>
  </datafield>
  <datafield tag="852" ind1=" " ind2=" ">
   <subfield code="a">INST</subfield>
   <subfield code="b">UNIPILB</subfield>
   <subfield code="c">MAIN</subfield>
   <subfield code="e">20210807</subfield>
   <subfield code="h">884.3 ΞΕΝ</subfield>
   <subfield code="p">00184295</subfield>
   <subfield code="q">00184295</subfield>
   <subfield code="t">LOAN</subfield>
   <subfield code="v">τομ.1:</subfield>
   <subfield code="y">0</subfield>
   <subfield code="4">1</subfield>
  </datafield>
  <datafield tag="853" ind1=" " ind2=" ">
   <subfield code="a">INST</subfield>
   <subfield code="b">UNIPILB</subfield>
   <subfield code="c">MAIN</subfield>
   <subfield code="h">884.3 ΞΕΝ</subfield>
   <subfield code="l">τομ.2-τομ.1</subfield>
  </datafield>
  <datafield tag="960" ind1=" " ind2=" ">
   <subfield code="a">ΑΛΜΠΑΝΗ ΤΑΝΙΑ</subfield>
  </datafield>
 </record>
</collection>
